First encyclopedia of science

Bibliographic Details
Main Author: Firth,Rachel
Format: Book
Published: London : Usborn
Series:The usborn internet-linked
Subjects:

MARC

LEADER 00000cam a2200000 7i4500
001 0000004567
005 20151222.0
008 070730
020 |a 0746042027 
090 0 0 |a ENC   |b ENG (4264) 
100 0 |a Firth,Rachel 
245 1 0 |a First encyclopedia of science   |c Rachel Firth 
260 |a London :   |b Usborn 
440 4 |a The usborn internet-linked 
500 |a Children ages 7-9 years old (orange) 
650 0 |a Encyclopedia 
650 0 |a Junior fiction   |x English   |x Languages 
999 |a 0000970855   |b Book   |c REFERENCE   |e Cawangan Urban Transformation Centre 
999 |a 0000970856   |b Book   |c Children Collection   |e Cawangan Tangkak